[Event "Sachsen-Anhalt-ch op"]
[Site "Magdeburg"]
[Date "2021.10.28"]
[Round "1"]
[White "Schillig, Sascha"]
[Black "Schoenherr, Stijn"]
[Result "1-0"]
[WhiteElo "1709"]
[BlackElo "1181"]
[PlyCount "147"]
[EventDate "2021.10.28"]
[EventType "swiss"]
[EventRounds "7"]
[EventCountry "GER"]
[SourceTitle "CBM 205 Extra"]
[Source "ChessBase"]
[SourceDate "2022.01.31"]
[SourceVersion "1"]
[SourceVersionDate "2022.01.31"]
[SourceQuality "1"]

1. e4 e5 2. Nf3 Nc6 3. Bc4 Bc5 4. b4 Bxb4 5. c3 Bc5 6. d4 exd4 7. 0-0 dxc3 8. Bxf7+ Kxf7 9. Qd5+ Ke8 10. Qxc5 d6 11. Qxc3 Nf6 12. Bg5 Rg8 13. Qb3 Kf8 14. Nbd2 h6 15. Bh4 g5 16. Bg3 h5 17. h4 gxh4 18. Bxh4 Bh3 19. Ng5 Qd7 20. Qxh3 Qxh3 21. Nxh3 Ng4 22. Rab1 b6 23. Rfc1 Nge5 24. Bg3 Rc8 25. Rc3 Nd4 26. Bxe5 dxe5 27. Kf1 Ke7 28. Nf3 Nxf3 29. Rxf3 c5 30. Rf5 Ke6 31. Rd1 c4 32. Ng5+ Ke7 33. Rxe5+ Kf6 34. Nf3 c3 35. Rf5+ Ke6 36. Rc1 Rgd8 37. Ke2 a6 38. Rxh5 b5 39. Rh6+ Kf7 40. Rxa6 Re8 41. Ke3 Red8 42. Nd4 Rc4 43. Nxb5 c2 44. Na3 Rc3+ 45. Ke2 Re8 46. f3 Re6 47. Rxe6 Kxe6 48. Nxc2 Ke7 49. Kd2 Rc7 50. Ra1 Ra7 51. a4 Kd6 52. g4 Ke5 53. Ke3 Kf6 54. Nd4 Kf7 55. a5 Ra6 56. f4 Kf6 57. g5+ Kg6 58. Nf5 Kf7 59. e5 Kf8 60. Nd6 Kg7 61. Ke4 Kg6 62. Kd5 Kg7 63. f5 Kf8 64. e6 Kg8 65. e7 Ra8 66. Ke6 Kg7 67. e8Q Rxe8+ 68. Nxe8+ Kf8 69. Rh1 Kg8 70. a6 Kf8 71. a7 Kg8 72. a8Q Kf8 73. f6 Kg8 74. Nd6# 1-0